Προγραμματισμός δικτυακών εφαρμογών με java
Αποθηκεύτηκε σε:
| Κύριος συγγραφέας: | |
|---|---|
| Άλλοι συγγραφείς: | , |
| Μορφή: | Βιβλίο |
| Γλώσσα: | Greek English |
| Δημοσίευση: |
Αθήνα :
Κλειδάριθμος,
c2016.
|
| Έκδοση: | 4η αμερικανική έκδ. |
| Θέματα: | |
| Ετικέτες: |
Προσθήκη ετικέτας
Δεν υπάρχουν, Καταχωρήστε ετικέτα πρώτοι!
|
MARC
| LEADER | 00000cam a2200000 a 4500 | ||
|---|---|---|---|
| 001 | 1/118643 | ||
| 008 | 190514t2016####gr | ||| |||| ||gre|| | ||
| 020 | |a 9789604617135 | ||
| 040 | |a GR-MyUa |b gre |c GR-MyUa |e AACR2 | ||
| 041 | 1 | |a gre |h eng | |
| 082 | 7 | |a 005.2762 |2 (23) | |
| 100 | 1 | |a Harold, Elliotte Rusty. | |
| 245 | 1 | 0 | |a Προγραμματισμός δικτυακών εφαρμογών με java / |c Elliotte Rusty Harold ; μετάφραση Γιώργος Στάμου ; επιστημονική επιμέλεια Στέργιος Παπαδημητρίου. |
| 250 | |a 4η αμερικανική έκδ. | ||
| 260 | |a Αθήνα : |b Κλειδάριθμος, |c c2016. | ||
| 300 | |a 519 σ. : |b εικ. ; |c 29 εκ. | ||
| 500 | |a Τίτλος πρωτοτύπου: Java network programming, 4th ed. | ||
| 500 | |a Περιέχει ευρετήριο. | ||
| 650 | 0 | |a Java (Computer program language) | |
| 650 | 0 | |a Computers networks |x Programming. | |
| 700 | 1 | |a Στάμου, Γεώργιος, |e trl | |
| 700 | 1 | |a Παπαδημητρίου, Στέργιος, |e edt | |
| 852 | |a INST |b SAMOS |c EUDOXUS |e 20190514 |h 005.2762 HAR |p 005300045959 |q 005300045959 |t EDX |y 23 | ||
| 852 | |a INST |b SAMOS |c EUDOXUS |e 20190514 |h 005.2762 HAR |p 005300045960 |q 005300045960 |t EDX |y 0 | ||
| 852 | |a INST |b SAMOS |c EUDOXUS |e 20190514 |h 005.2762 HAR |p 005300045961 |q 005300045961 |t EDX |y 0 | ||
| 920 | |a Εύδοξος |b Παραγγελία |y Σάμος-ΤΜΠΕΣ |z 2019-05 | ||
| 970 | |a Κοσιέρης |b Χρήστος |z 14-05-2019 | ||